00243nam a2200097Ia 4500008004000000082001600040100001600056245002800072260003400100300001100134210210b1999 xxu||||| |||| 00| 0 eng d a380.03 PURS aPURI (S K). aDictionary of commerce. aN DbSahni Publicationsc1999 a315,iv